Sāmavidhānabrāhmaṇam. (Record no. 67456)

MARC details
000 -LEADER
fixed length control field 00868cam a22002651 4500
001 - CONTROL NUMBER
control field sa 66000857
003 - CONTROL NUMBER IDENTIFIER
control field DLC
005 - DATE AND TIME OF LATEST TRANSACTION
control field 20260227112217.0
008 - FIXED-LENGTH DATA ELEMENTS--GENERAL INFORMATION
fixed length control field 900302s1964 ii b 000 0 sano
010 ## - LIBRARY OF CONGRESS CONTROL NUMBER
LC control number sa 66000857
035 ## - SYSTEM CONTROL NUMBER
System control number (OCoLC)21156493
040 ## - CATALOGING SOURCE
Original cataloging agency DLC
Transcribing agency WaU
Modifying agency DLC
050 00 - LIBRARY OF CONGRESS CALL NUMBER
Classification number PK3121
Item number .S3 1964
130 0# - MAIN ENTRY--UNIFORM TITLE
Uniform title Sāmavidhānabrāhmaṇa.
245 10 - TITLE STATEMENT
Title Sāmavidhānabrāhmaṇam.
260 ## - PUBLICATION, DISTRIBUTION, ETC.
Date of publication, distribution, etc. 1964.
300 ## - PHYSICAL DESCRIPTION
Extent 4, xxii, 316 p.
Dimensions 25 cm.
440 #0 - SERIES STATEMENT/ADDED ENTRY--TITLE
Title Kendrīyasaṃskr̥tavidyapīṭhagranthamālā ;
Volume/sequential designation no. 1
500 ## - GENERAL NOTE
General note Added t. p. in English.
500 ## - GENERAL NOTE
General note In Sanskrit; foreword and introd. in English.
504 ## - BIBLIOGRAPHY, ETC. NOTE
Bibliography, etc. note Bibliographical footnotes.
700 1# - ADDED ENTRY--PERSONAL NAME
Personal name Sharma, Bellikoth Ramachandra,
Dates associated with a name 1912-
700 0# - ADDED ENTRY--PERSONAL NAME
Personal name Sāyaṇa,
Dates associated with a name -1387.
Title of a work Mādhavīyavedārthaprakaśa.
700 0# - ADDED ENTRY--PERSONAL NAME
Personal name Bharatasvāmīn,
Dates associated with a name active 13th century.
Title of a work Padārthamātravivr̥ti.

No items available.

Powered by Koha